000 00748nam a22002177a 4500
005 20081020151012.0
008 081020t xxu||||| |||| 00| 0 eng d
010 _aENG-84485
020 _a8178842823
020 _c650.00 (hb)
035 _aEN-68018
082 _a337.11814 / SUR
100 _aSuri, Kapil
245 _aASEAN:
_btowards new horizon /
_cby Kapil Suri
260 _aNew Delhi
_bCyber Tech Publications
260 _c2007
300 _a269p
_c22cm
500 _aIncludes bibliographical references and index
942 _2ddc
_cEN
_h337.11814
_m SUR
999 _c17791
_d17791